Statistics for Top 12 Portland Trail Blazers of All-Time

Click here to take the quiz!

General Stats

  • This quiz has been taken 27 times
  • The average score is 5 of 12

Answer Stats

# Player Win Shares % Correct
3Damian Lillard79.9
100%
1Clyde Drexler108.7
88%
4LaMarcus Aldridge69.4
88%
2Terry Porter79.3
60%
5Rasheed Wallace61.3
40%
9Arvydas Sabonis47.3
36%
6Jerome Kersey59.0
28%
7Buck Williams50.4
24%
10Clifford Robinson46.8
24%
12Damon Stoudamire37.7
24%
8Jim Paxson50.0
16%
11Mychal Thompson39.9
4%

Score Distribution

Percentile by Number Answered

Percent of People with Each Score

Your Score History

You have not taken this quiz